| 000 | 00356 a2200169 4500 | ||
|---|---|---|---|
| 001 | 161154 | ||
| 020 | _a85-322-0146-6 | ||
| 040 | _cMagnum | ||
| 100 | _aJose, Elias | ||
| 240 | 1 | 0 |
_aVaidade no terreiro _lpor |
| 245 | 1 | 0 | _aVaidade no terreiro |
| 300 | _a31 | ||
| 362 | 0 | _a1997 | |
| 440 | 1 | _aFTD | |
| 697 | _aLITERATURA INFANTO-JUVENIL | ||
| 942 | _cBK | ||
| 999 |
_c161154 _d161154 |
||